[Event "HCL-A135"]
[Site "www.playchess.de"]
[Date "2001.04.22"]
[Round "6"]
[White "Deppenhaufen"]
[Black "Stiki"]
[WhiteElo "1826"]
[BlackElo "1960"]
[PlyCount "51"]
[Result "1-0"]

1.e4 c6 {Hello,and good luck!}  2.d4 d5 3.e5 Bf5 
4.Nc3 e6 5.g4 Bg6 6.Nge2 c5 7.h4 cxd4 8.Nxd4 h5 
9.f4 hxg4 10.Bb5+ Nd7 11.f5 Rxh4 12.Rf1 Rh2 
13.Qxg4 Bxf5 {Rh2 was impulsive,Bf5 immediately 
was better!}  14.Nxf5 {tha's right}  exf5 15.e6 
fxe6 16.Qg6+ Ke7 17.Bf4 Ne5 18.Qg5+ Nf6 19.Bxh2 
Neg4 20.Bg1 Kf7 21.Be2 Qa5 22.Bxg4 Ne4 23.Bh5+ Kg8 
24.Qg6 Bb4 25.Qf7+ Kh8 26.Bd4 1-0

[Event "HCL-B301"]
[Site "www.playchess.de"]
[Date "2001.04.22"]
[Round "17"]
[White "shepherd"]
[Black "lonewolf"]
[WhiteElo "1408"]
[BlackElo "1653"]
[PlyCount "50"]
[Result "0-1"]

1.e4 c5 2.Nf3 e6 3.d4 cxd4 4.Nxd4 a6 5.c4 Nf6 
6.Nc3 Qc7 7.f4 d6 8.Bd3 Be7 9.O-O O-O 10.Nf3 Nc6 
11.b3 Bd7 12.Bb2 Ng4 13.Ng5 Qb6+ 14.Kh1 Nf2+ 
15.Rxf2 Qxf2 16.Qh5 Bxg5 17.Na4 Bxf4 18.Rf1 Qe3 
19.Rf3 Qd2 20.Bxg7 Kxg7 21.e5 Rfg8 22.Qxh7+ Kf8 
23.g3 Nxe5 24.Rxf4 Qxf4 25.gxf4 
Nxd3 0-1

[Event "HCL-B305"]
[Site "www.playchess.de"]
[Date "2001.04.22"]
[Round "5"]
[White "Percolator"]
[Black "tyronetyfly"]
[WhiteElo "1500"]
[BlackElo "1500"]
[PlyCount "53"]
[Result "1-0"]

1.e4 {Hi! Nice to meet you, GL}  e5 2.f4 Bb4 3.Nf3 
Nf6 4.a3 Bc5 5.fxe5 Nxe4 6.d4 Na6 7.dxc5 Naxc5 
8.Bd3 O-O 9.O-O d5 10.b4 Bg4 11.bxc5 Nxc5 12.Nbd2 
Qd7 13.Nb3 Na4 14.Qd2 b5 15.Qf4 Rae8 16.Nbd4 c5 
17.Bxb5 Qd8 18.Qxg4 Nc3 19.Nf5 g6 20.Bxe8 Qxe8 
21.Bb2 Ne2+ 22.Kh1 h5 23.Qg5 Qe6 24.N3h4 Rb8 
25.Nxg6 Rxb2 26.Nge7+ Kf8 27.Qg8+ 1-0

[Event "HCL-B305"]
[Site "www.playchess.de"]
[Date "2001.04.22"]
[Round "7"]
[White "guanzi"]
[Black "Zooey"]
[WhiteElo "1369"]
[BlackElo "1576"]
[PlyCount "42"]
[Result "0-1"]

1.e4 e5 {To svenskere! Det er næsten en nordisk 
turnering...}  2.Nf3 {Jo, det kan man nästan säga. 
Lycka till!}  Nc6 {tak}  3.Bc4 Be7 4.c3 Nf6 5.O-O 
Nxe4 6.Re1 d5 7.Bb3 Qd6 8.d3 Nf6 9.d4 e4 10.Nfd2 
O-O 11.Nf1 Bg4 12.Qd2 Nh5 13.h3 Bd7 14.Na3 Rad8 
15.Nb5 Qg6 16.Qe3 Ne5 17.Nxc7 Nf3+ 18.Kh1 Bxh3 
19.g3 Bxf1 20.Rxf1 Nxg3+ 21.fxg3 
Qh5+ 0-1

[Event "ACL-A165"]
[Site "www.playchess.de"]
[Date "2001.04.22"]
[Round "8"]
[White "Mr_Chess_12"]
[Black "quant"]
[WhiteElo "1500"]
[BlackElo "1384"]
[PlyCount "36"]
[Result "0-1"]

1.e4 {hi i have played against you on hcl and i 
will win here}  e5 {gl}  2.d4 {gl??????}  exd4 
{why dont you finish other game?it is nor fair}  
3.Nf3 Nc6 {finish other game}  4.Nxd4 {ok}  Bc5 
5.c3 d6 6.Nxc6 bxc6 7.Qf3 {What is preview?}  Qf6 
8.Qxf6 Nxf6 9.f3 O-O 10.Bg5 {´listos?}  Nd7 11.Bc4 
Ne5 12.Bb3 Nd3+ 13.Kd2 {Salut}  Ba6 14.Ba4 Nxb2 
15.Bxc6 Nc4+ 16.Kc2 Rab8 17.Nd2 Rb2+ 18.Kd3 
Ne5+ 0-1

[Event "HCL-C294"]
[Site "www.playchess.de"]
[Date "2001.04.22"]
[Round "36"]
[White "Wee_Doogie"]
[Black "olaf"]
[WhiteElo "1478"]
[BlackElo "1274"]
[PlyCount "60"]
[Result "0-1"]

1.e4 Nf6 2.e5 Nd5 3.d4 e6 4.Nf3 b6 5.Bd2 Bb7 6.Bd3 
c5 7.c3 Nc6 8.O-O Be7 9.Qc2 g6 10.Bh6 Rc8 11.Nbd2 
cxd4 12.Ne4 dxc3 13.bxc3 Qc7 14.Qd2 Nxe5 15.Nxe5 
Qxe5 16.Rfe1 Nxc3 17.Nxc3 Qxc3 18.Qxc3 Rxc3 19.Bg7 
Rxd3 20.Bxh8 f6 21.Bg7 g5 22.Red1 Rxd1+ 23.Rxd1 
Bd5 24.Rxd5 exd5 {????}  25.Bh6 {I didn't see any 
way to save my bishop.}  Kf7 26.f4 Kg6 27.fxg5 
fxg5 28.Bxg5 Kxg5 29.Kf2 Kf5 30.Kf3 
b5 0-1

[Event "HCL-A139"]
[Site "www.playchess.de"]
[Date "2001.04.22"]
[Round "7"]
[White "Stiki"]
[Black "One_i"]
[WhiteElo "1843"]
[BlackElo "1646"]
[PlyCount "55"]
[Result "1-0"]

1.e4 d5 {Good luck to you from Canada!}  2.exd5 
{Have a nice game!}  Nf6 3.d4 Bg4 4.f3 Bf5 5.c4 e6 
6.dxe6 Nc6 7.Be3 Be7 8.Ne2 Nb4 9.Na3 Nd3+ 10.Kd2 
O-O 11.Ng3 Nxb2 12.Qb3 Bxa3 13.Nxf5 fxe6 14.Qxa3 
exf5 15.Qxb2 Rb8 16.Bd3 Ne4+ 17.fxe4 fxe4 18.Bxe4 
Qh4 19.Bd5+ Kh8 20.Raf1 c6 21.Rxf8+ Rxf8 22.Bf3 
Rf7 23.Bxc6 Rf2+ 24.Bxf2 Qxf2+ 25.Kc1 Qxb2+ 
26.Kxb2 bxc6 27.d5 cxd5 28.cxd5 1-0

[Event "HCL-A139"]
[Site "www.playchess.de"]
[Date "2001.04.22"]
[Round "10"]
[White "deGroeet"]
[Black "Stiki"]
[WhiteElo "1800"]
[BlackElo "1843"]
[PlyCount "24"]
[Result "0-1"]

1.c4 e5 2.Nc3 Nf6 3.g3 c6 4.Nf3 e4 5.Nd4 d5 6.c5 
Bxc5 7.Nb3 {i wanted to play 6.c4-d5}  Bb6 {I see} 
 8.d4 exd3 9.Qxd3 Ng4 10.e3 Ne5 11.Qc2 Nf3+ 12.Ke2 
Bg4 0-1

[Event "HCL-C298"]
[Site "www.playchess.de"]
[Date "2001.04.22"]
[Round "19"]
[White "Edik"]
[Black "chico"]
[WhiteElo "1253"]
[BlackElo "1132"]
[PlyCount "31"]
[Result "1/2-1/2"]

1.e4 e5 2.Nf3 Nc6 3.Bb5 d6 4.d4 exd4 5.Bxc6+ bxc6 
6.Nxd4 Bb7 7.Nc3 Nf6 8.Bg5 Be7 9.Nf5 Rg8 10.Nxe7 
Qxe7 11.O-O h6 12.Bh4 g5 13.Bg3 O-O-O 14.f3 h5 
15.Bf2 Kb8 16.Qd4 1/2-1/2

[Event "HCL-C297"]
[Site "www.playchess.de"]
[Date "2001.04.22"]
[Round "4"]
[White "Bernard"]
[Black "yesbee"]
[WhiteElo "1000"]
[BlackElo "1000"]
[PlyCount "42"]
[Result "0-1"]

1.e4 {I hope it will be a nice game}  e5 {Hello, 
same here.}  2.Nf3 Nc6 3.Bc4 Nf6 4.Ng5 d5 5.exd5 
Nxd5 6.Ne4 Bf5 7.d3 Be7 8.O-O O-O 9.a3 Nf4 10.Qf3 
Nd4 11.Qe3 Nxc2 12.Bxf7+ Rxf7 13.Qf3 Nxa1 14.Bxf4 
exf4 15.Qxf4 Nb3 16.Nbc3 Nc5 17.Nf6+ Rxf6 18.Qc4+ 
Be6 19.Qb5 Qd4 20.Nd1 Raf8 21.Ne3 
Qxe3 0-1

[Event "HCL-A137"]
[Site "www.playchess.de"]
[Date "2001.04.22"]
[Round "4"]
[White "mrchess"]
[Black "RB"]
[WhiteElo "1574"]
[BlackElo "2101"]
[PlyCount "56"]
[Result "0-1"]

1.d4 {good luck}  Nf6 2.Nf3 d5 3.c4 e6 4.Nc3 Be7 
5.cxd5 Nxd5 6.e4 Nxc3 7.bxc3 c5 8.Be3 cxd4 9.Bb5+ 
Bd7 10.Bxd7+ Nxd7 11.Bxd4 O-O 12.O-O b6 13.Re1 Qc7 
14.e5 Rfd8 15.Qc2 Rac8 16.Rac1 Nb8 17.Re4 Nc6 
18.Rg4 Nxd4 19.Nxd4 Qxe5 20.Qe4 Rxc3 21.Re1 Qxe4 
22.Rgxe4 Rc4 23.Nf3 Rxe4 24.Rxe4 Rd1+ 25.Ne1 Bb4 
26.Kf1 Rxe1+ 27.Rxe1 Bxe1 28.Kxe1 
Kf8 0-1

[Event "HCL-C301"]
[Site "www.playchess.de"]
[Date "2001.04.22"]
[Round "3"]
[White "MEATHEAD"]
[Black "yaroslav"]
[WhiteElo "849"]
[BlackElo "984"]
[PlyCount "25"]
[Result "1-0"]

1.e4 e5 2.Qh5 g6 3.Qxe5+ Qe7 4.Qxh8 Qxe4+ 5.Ne2 
Nh6 6.d3 Qd5 7.Bxh6 Ke7 8.Qxf8+ Kf6 9.Bg7+ Kg5 
10.f4+ Kg4 11.h3+ Kh4 12.Qe7+ Kh5 
13.g4+ 1-0

[Event "HCL-A144"]
[Site "www.playchess.de"]
[Date "2001.04.22"]
[Round "7"]
[White "janus"]
[Black "DepthCharge"]
[WhiteElo "1917"]
[BlackElo "1504"]
[PlyCount "49"]
[Result "1-0"]

1.e4 {Good luck to you and a thrilling game for us 
! Greetings from Germany !}  c5 {Thank-you! And 
good luck from Canada. :)}  2.Nf3 d6 3.d4 {Thanks 
too ! Where do you live in Canada? 15 years ago I 
was in the Algonquin National Park - great!}  cxd4 
{I'm from Toronto. I really like Algonquin.}  
4.Nxd4 {Me too - and perhaps I visit it again !}  
Nf6 {Did you see any interesting wildlife?}  5.Nc3 
{Yes - a bear with 2 babies, 3 wolfs and 2 elks - 
a wonderful adventure !!!}  a6 6.Bg5 e6 {I'm happy 
that you enjoyed your trip here. :) Wolves by the 
way aren't dangerous to humans.}  7.f4 {That´s 
right - they were running away, if they saw me !!} 
 Nbd7 {I've never heard of a wolf attack on a 
human.}  8.Qf3 {Me too - but bears are sometimes 
very dangerous, if they have kids !!}  Be7 {Yes, 
bears can be dangerous. Cougers also.}  9.O-O-O 
{Exactly !! How long do you play chess ??}  e5 {I 
learned the rules 30 years ago, but didn't start 
playing chess until 2 years ago.}  10.Nf5 {I 
learned to play chess 35 years ago by my grandpa.} 
 Rg8 11.Nxe7 Qxe7 12.Nd5 Qd8 {I play chess almost 
every day at ICC, and I have games here.}  13.Qa3 
{I only play here - it´s enough for me *smile* !}  
h6 {I study chess, but it doesn't seem to help. 
:)}  14.Qxd6 {The important thing is the 
experience - habe courage ;-)) !}  hxg5 15.Nc7+ 
Qxc7 {Yikes!! I better burn my chess books! :(}  
16.Qxc7 {Oh no - try and try and try .... ;-)))) 
!!}  Nxe4 {I didn't like my Queen anyway,all she 
wanted was money. :)}  17.Rxd7 {That´s the same of 
my wife ;-))) !!}  Bxd7 {Haha. They're all the 
same. :)}  18.Qxb7 Rd8 19.Qxe4 Bg4 20.Qxe5+ Kf8 {I 
think the end is near.}  21.Qc5+ {I think it, too 
- it was a fine game !!}  Ke8 {I really liked your 
combination :), Very nicely done!}  22.Bxa6 {Thank 
you very much for the compliment !!!}  Rc8 {I'm 
going to study it. Maybe I'll learn something. :)} 
 23.Re1+ {I´m sure, that you will learn very fast 
;-)) !!}  Be6 24.Bb5+ Kd8 {Thanks very much for 
the instructive game! :) I'll resign next move.}  
25.Qd6+ {And I hank you for the fine game too ! I 
wish you much success for your next games !!!} 
 1-0

[Event "HCL-B310"]
[Site "www.playchess.de"]
[Date "2001.04.22"]
[Round "9"]
[White "Czentovic"]
[Black "quant"]
[WhiteElo "1550"]
[BlackElo "1312"]
[PlyCount "42"]
[Result "1/2-1/2"]

1.c4 Nf6 {guten Tag.gl}  2.Nc3 e6 3.Nf3 Bb4 4.Qc2 
d5 5.Qa4+ Nc6 6.Ne5 Bxc3 7.Nxc6 Bxd2+ 8.Bxd2 Qd7 
9.cxd5 exd5 10.Rc1 bxc6 11.Qxc6 Qxc6 12.Rxc6 O-O 
13.Rxc7 Be6 14.e3 Rfc8 15.Rxc8+ Rxc8 16.f3 d4 
17.a3 dxe3 18.Bxe3 Rc2 19.Bd4 Nd5 20.Be2 Nf4 
21.Bf1 Nxg2+ 1/2-1/2

[Event "HCL-A148"]
[Site "www.playchess.de"]
[Date "2001.04.22"]
[Round "18"]
[White "Blitzmich"]
[Black "LUCIANO"]
[WhiteElo "1841"]
[BlackElo "1263"]
[PlyCount "67"]
[Result "1-0"]

1.e4 {Hi}  c5 2.Nf3 Nc6 3.Nc3 Nf6 4.Bb5 e6 5.O-O 
Be7 6.e5 Nd5 7.Ne4 a6 8.Bxc6 dxc6 9.c4 Nf4 10.d4 
Ng6 11.dxc5 Qxd1 12.Rxd1 O-O 13.b3 Rd8 14.Bg5 Bxg5 
15.Nexg5 Bd7 16.Ne4 Rab8 17.Rd6 Kf8 18.Rad1 Ke7 
19.Kf1 h6 20.h4 b5 21.cxb6 Rxb6 22.Nc5 Nf8 23.Nd4 
f6 24.Ndxe6 Nxe6 25.Nxe6 Rg8 26.Nxg7 Bg4 27.exf6+ 
Kf7 28.f3 Bc8 29.c5 Rb4 30.Rxc6 Rxh4 31.Rdd6 Rh1+ 
32.Kf2 Ra1 33.Rc7+ Kg6 34.f7+ 1-0

[Event "HCL-C310"]
[Site "www.playchess.de"]
[Date "2001.04.22"]
[Round "9"]
[White "esad"]
[Black "jpechie"]
[WhiteElo "1602"]
[BlackElo "514"]
[PlyCount "50"]
[Result "0-1"]

1.e4 e5 2.Nf3 Nc6 3.Bb5 Nf6 4.Nc3 Nd4 5.O-O Nxf3+ 
6.Qxf3 c6 7.Bc4 Bb4 8.d3 Bxc3 9.bxc3 d5 10.exd5 
Nxd5 11.Re1 Qd6 12.d4 f6 13.a4 O-O 14.Qg3 Re8 
15.Bh6 g6 16.Bxd5+ Qxd5 17.Rad1 e4 18.Re3 g5 
19.Qc7 Qd7 20.Qxd7 Bxd7 21.Rde1 Kf7 22.Rh3 Bxh3 
23.gxh3 Kg6 24.Bxg5 fxg5 25.f3 
exf3 0-1

[Event "HCL-B321"]
[Site "www.playchess.de"]
[Date "2001.04.22"]
[Round "7"]
[White "jhvn"]
[Black "Lycanth"]
[WhiteElo "1319"]
[BlackElo "1276"]
[PlyCount "35"]
[Result "1-0"]

1.Nf3 Nc6 2.e4 e5 3.Bb5 a6 4.Ba4 b5 5.Bb3 Nf6 
6.Ng5 d5 7.exd5 Nxd5 8.Qf3 Qxg5 9.Bxd5 Nd4 
10.Bxf7+ Kd8 11.Qxa8 Nxc2+ 12.Kd1 Nxa1 13.Be6 Qg6 
14.Qxc8+ Ke7 15.Qd7+ Kf6 16.d3 Be7 17.Nc3 Rd8 
18.Nd5+ 1-0

[Event "HCL-B321"]
[Site "www.playchess.de"]
[Date "2001.04.22"]
[Round "12"]
[White "fanny"]
[Black "vijal"]
[WhiteElo "1200"]
[BlackElo "902"]
[PlyCount "73"]
[Result "1-0"]

1.e4 {hello}  e5 2.Nf3 Nc6 3.d4 exd4 4.Nxd4 Nxd4 
5.Qxd4 d6 6.Bd3 Be6 7.Nc3 Nf6 8.O-O Be7 9.Be3 a6 
10.Ne2 O-O 11.Nf4 Qd7 12.Nxe6 Qxe6 13.f3 c5 14.Qc4 
Qxc4 15.Bxc4 b5 16.Be2 Rad8 17.a4 Rdb8 18.axb5 
axb5 19.Ra7 Rfe8 20.Rfa1 h6 21.R1a5 c4 22.b3 cxb3 
23.cxb3 b4 24.Bb5 Bd8 25.Bxe8 Bxa5 26.Bxf7+ Kf8 
27.Rxa5 Kxf7 28.Ra7+ Kg6 29.Ra6 Rb5 30.Rxd6 Kf7 
31.Rb6 Rxb6 32.Bxb6 Nd7 33.Bd4 Ke6 34.Kf2 g5 
35.Ke3 Ne5 36.Bxe5 Kxe5 37.g4 1-0

[Event "HCL-A146"]
[Site "www.playchess.de"]
[Date "2001.04.22"]
[Round "35"]
[White "One_i"]
[Black "gypla"]
[WhiteElo "1643"]
[BlackElo "1951"]
[PlyCount "84"]
[Result "0-1"]

1.d4 {Good luck to you from Canada!}  g6 {And good 
luck to you from Denmark.}  2.Nf3 Bg7 3.Bf4 d6 
4.e3 Nd7 5.Nbd2 e5 6.Bg3 Qe7 7.dxe5 dxe5 8.c3 Ngf6 
9.Bc4 O-O 10.O-O h6 11.e4 Nh5 12.Qc2 Nxg3 13.fxg3 
b6 14.Nh4 Kh7 15.Ndf3 Qc5+ 16.Kh1 Qxc4 17.b3 Qe6 
18.Qd1 Nc5 19.Qe2 Ba6 20.c4 Rad8 21.Rad1 Qg4 
22.Rxd8 Rxd8 23.Qb2 f6 24.Qa3 Qxe4 25.Re1 Qc2 
26.b4 Rd3 27.Qc1 Qxc1 28.Rxc1 Ne6 29.Ne1 Rd8 30.a4 
c5 31.b5 Bb7 32.Nc2 e4 33.Ne3 h5 34.h3 Bh6 35.Re1 
Rd3 36.Nd5 Bxd5 37.cxd5 Ng5 38.g4 hxg4 39.hxg4 Bf8 
40.Ra1 Bd6 41.a5 bxa5 42.Rf1 Bg3 0-1

[Event "HCL-C313"]
[Site "www.playchess.de"]
[Date "2001.04.22"]
[Round "6"]
[White "remote"]
[Black "Wastl"]
[WhiteElo "1000"]
[BlackElo "1000"]
[PlyCount "48"]
[Result "0-1"]

1.e4 e6 2.Bc4 d5 3.Bb5+ Bd7 4.Bd3 c5 5.Nf3 Nc6 
6.Qe2 c4 7.exd5 cxd3 8.dxc6 dxe2 9.cxd7+ Qxd7 
10.Kxe2 Nf6 11.Ne5 Qb5+ 12.Kd1 Qxe5 13.Nc3 Bc5 
14.f3 O-O 15.Re1 Qxh2 16.b3 Qxg2 17.Re2 Qf1+ 
18.Re1 Qxf3+ 19.Re2 {good game}  Bf2 20.d3 Rac8 
21.Kd2 Rxc3 22.Kxc3 Qxe2 23.Bg5 Qe5+ 24.Kc4 Qc5+ 
{Thank you. Good luck for the other games.} 
 0-1

[Event "ACL-A173"]
[Site "www.playchess.de"]
[Date "2001.04.22"]
[Round "5"]
[White "DKCozy"]
[Black "myosotis1984"]
[WhiteElo "1795"]
[BlackElo "1500"]
[PlyCount "54"]
[Result "0-1"]

1.f4 e5 2.e4 exf4 3.Nf3 d5 4.exd5 Nf6 5.Nc3 Nxd5 
6.Bc4 Be6 7.Qe2 Be7 8.O-O Nxc3 9.bxc3 Bxc4 10.Qxc4 
Qd6 11.Re1 O-O 12.d4 Nc6 13.a4 Bf6 14.Ba3 Qd7 
15.Bxf8 Rxf8 16.Re2 Na5 17.Qd3 Qc6 18.Rae1 Nc4 
19.d5 Qc5+ 20.Kh1 Ne3 21.R2xe3 fxe3 22.Rxe3 Rd8 
23.Qe4 Kf8 24.c4 Qb4 25.Ne5 Qxa4 26.Ng4 Bg5 27.Re2 
Re8 0-1

[Event "ACL-A173"]
[Site "www.playchess.de"]
[Date "2001.04.22"]
[Round "18"]
[White "esad"]
[Black "vijal"]
[WhiteElo "1309"]
[BlackElo "1373"]
[PlyCount "47"]
[Result "1-0"]

1.d4 d5 2.c4 c6 3.e3 Bf5 4.Nc3 Nf6 5.Nf3 g6 6.Be2 
dxc4 7.Bxc4 Bg7 8.Ng5 O-O 9.Nxf7 Rxf7 10.Bxf7+ 
Kxf7 11.Qb3+ Be6 12.Qxb7 Nbd7 13.Qxc6 Rc8 14.Qa4 
Qc7 15.O-O Nb6 16.Qa3 Nc4 17.Qa4 Ng4 18.g3 Nb6 
19.Qd1 Nh6 20.Ne4 Nd5 21.Ng5+ Kf6 22.e4 Nf7 23.e5+ 
Kf5 24.Qf3+ 1-0

[Event "HCL-C312"]
[Site "www.playchess.de"]
[Date "2001.04.22"]
[Round "21"]
[White "Yurispb"]
[Black "olaf"]
[WhiteElo "1469"]
[BlackElo "1269"]
[PlyCount "105"]
[Result "1-0"]

1.e4 Nf6 2.e5 Nd5 3.d4 e6 4.Nf3 c5 5.c4 Nb6 6.d5 
d6 7.Bg5 Be7 8.Bxe7 Qxe7 9.dxe6 Qxe6 10.Qxd6 Qxd6 
11.exd6 O-O 12.Nc3 Be6 13.b3 Nc6 14.O-O-O Rad8 
15.Ne4 Rfe8 16.h3 Nd7 17.Bd3 Nb4 18.Bb1 Bf5 19.Nc3 
Bxb1 20.Kxb1 Nc6 21.Rhe1 Rxe1 22.Rxe1 Nf6 23.Ne4 
b6 24.Nxf6+ gxf6 25.Rd1 Nd4 26.b4 Rxd6 27.bxc5 
bxc5 28.Nxd4 cxd4 29.Kc2 Kf8 30.Kd3 Ke7 31.Re1+ 
Kd7 32.Re4 Ra6 33.Rxd4+ Kc6 34.Rf4 Kd7 35.a4 Rxa4 
36.Rxf6 Ke7 37.Rf4 h6 38.Re4+ Kf6 39.c5 Ra3+ 
40.Kd4 Ra4+ 41.Kd5 Rxe4 42.Kxe4 a5 43.Kd5 Ke7 
44.Kc4 Kd7 45.Kb5 a4 46.Kxa4 Kc6 47.Kb4 f6 48.Kc4 
f5 49.Kd4 h5 50.Ke5 Kxc5 51.Kxf5 Kd4 52.Kg5 Kd3 
53.Kxh5 1-0

[Event "HCL-A151"]
[Site "www.playchess.de"]
[Date "2001.04.22"]
[Round "18"]
[White "janus"]
[Black "One_i"]
[WhiteElo "1924"]
[BlackElo "1643"]
[PlyCount "47"]
[Result "1-0"]

1.e4 d5 {Good luck again}  2.exd5 {For you, too - 
and again a fine game for us !!}  Nf6 3.c4 e6 
4.dxe6 Bxe6 5.Nf3 Bc5 6.d4 Bb4+ 7.Nc3 O-O 8.Be2 
Ne4 9.Qb3 Nc6 10.d5 Nxf2 11.Kxf2 Bc5+ 12.Be3 Na5 
13.Qb5 Bxe3+ 14.Kxe3 c6 15.Qc5 cxd5 16.cxd5 b6 
17.Qd4 Bf5 18.Qf4 Re8+ 19.Kf2 Bg6 20.Ba6 Qe7 
21.Rhe1 Qc5+ 22.Qd4 Qxd4+ 23.Nxd4 Rxe1 
24.Rxe1 1-0

[Event "HCL-B329"]
[Site "www.playchess.de"]
[Date "2001.04.22"]
[Round "2"]
[White "Flay"]
[Black "GANT"]
[WhiteElo "1335"]
[BlackElo "1563"]
[PlyCount "20"]
[Result "0-1"]

1.e4 e6 2.d4 {Hej, trevligt att spela mot en 
landsman..:). Jag är från Luleå. Var är du från??} 
 d5 {Tjena Ola. Jag bor i Lund.}  3.e5 {Då har ni 
inge snö kvar. Här är det ca 30 cm snö och 
gnistrande sol sken. En riktigt härlig vår dag.}  
c5 {Här nere är det mulet och trist. Men man får 
hoppas att det inte ska hålla i sig.}  4.dxc5 Nc6 
{Det snöar här nere nu.}  5.Nf3 {Det låter som om 
det vore en sen vår hos er.}  Bxc5 {Det stämmer 
nog.}  6.Bb5 Qb6 7.Qe2 Bxf2+ 8.Qxf2 Qxb5 9.Nc3 Qc4 
10.b3 Qxc3+ {Detta verkade inte speciellt 
genomtänkt.}  0-1

[Event "HCL-B323"]
[Site "www.playchess.de"]
[Date "2001.04.22"]
[Round "15"]
[White "donkey"]
[Black "lonewolf"]
[WhiteElo "1345"]
[BlackElo "1710"]
[PlyCount "28"]
[Result "0-1"]

1.e4 e5 2.Nf3 d6 3.Bc4 Nf6 4.Nc3 Nxe4 5.Nxe4 d5 
6.Bb3 dxe4 7.Nxe5 Qg5 8.Nxf7 Qxg2 9.Rf1 Bg4 
10.Qxg4 Qxg4 11.Nxh8 Nc6 12.c3 Ne5 13.Ba4+ c6 
14.Bc2 Nf3+ 0-1

[Event "HCL-C320"]
[Site "www.playchess.de"]
[Date "2001.04.22"]
[Round "3"]
[White "Eusebio"]
[Black "andrus"]
[WhiteElo "799"]
[BlackElo "1000"]
[PlyCount "26"]
[Result "0-1"]

1.e4 c5 2.c4 Nc6 3.Nc3 e6 4.d3 Nf6 5.a4 d5 6.Be3 
d4 7.Nf3 dxe3 8.fxe3 g6 9.Be2 Bh6 10.O-O Bxe3+ 
11.Kh1 O-O 12.h3 Nh5 13.Kh2 Qc7+ 0-1

[Event "HCL-C320"]
[Site "www.playchess.de"]
[Date "2001.04.22"]
[Round "18"]
[White "Lukas"]
[Black "andrus"]
[WhiteElo "1143"]
[BlackElo "1000"]
[PlyCount "52"]
[Result "0-1"]

1.e4 c5 2.Nf3 e6 3.d4 cxd4 4.Nxd4 Nf6 5.Nc3 d6 
6.f4 Nc6 7.Be2 Be7 8.O-O O-O 9.Kh1 Qc7 10.Be3 Bd7 
11.f5 Nxd4 12.Bxd4 exf5 13.Bxf6 Bxf6 14.Nd5 Qd8 
15.exf5 Bc6 16.c3 Re8 17.Re1 Bh4 18.g3 Qa5 19.c4 
Bf6 20.Qb3 Re5 21.Kg1 Qc5+ 22.Kf1 Rxf5+ 23.Kg2 
Rxd5 24.cxd5 Bxd5+ 25.Bf3 Bxb3 26.Bxb7 
Bd5+ 0-1

[Event "HCL-C320"]
[Site "www.playchess.de"]
[Date "2001.04.22"]
[Round "21"]
[White "thalis"]
[Black "Lukas"]
[WhiteElo "1101"]
[BlackElo "1143"]
[PlyCount "44"]
[Result "0-1"]

1.e4 {Ich wünsche einen wunderschönen Guten Abend 
und freue mich, daß es weitergehen kann!}  e5 
{Danke, wünsche ich Dir auch!   e5 - Ich muss 
verrückt sein! :-)}  2.f4 {Ich hatte auf c5 
gehofft. Dann wäre wieder d4 gekommen! Aber Du 
wolltest es ja nicht anders ... :-))}  exf4 
{Vielleicht kann ich Dich diesmal davon überzeugen 
diese Eröffnung zu vergessen! ;-)}  3.Nf3 {Ich 
werde versuchen, sie zu bestätigen!}  Be7 {Ich 
habe mir einige Varianten angeschaut. Diesmal 
entscheide ich mich für Le7! - Viel Spaß :-)}  
4.Nc3 Bh4+ 5.Ke2 {Den zug habe ich jetzt aus der 
Literatur gefischt. Ich beichte! :-)) Spassky 
Gambit bei der Cunningh}  d5 {Darum hat es solange 
gedauert :-)}  6.Nxd5 {Ich denke, du hast da den 
stärksten zug gefunden. Mein Buch hört hier jetzt 
auf. Ich klappe es zu.}  Bg4 {.}  7.g3 {Ich denke, 
dieses Gambit ist für mich gestorben ...}  fxg3 
{Hoffentlich nicht wegen dieser einen Variante? - 
Nicht gleich den Mut verlieren!}  8.Kd3 {So viel 
Druck konntest du noch nie aufbauen!}  c6 {Diese 
Variante habe ich auch noch nie gespielt! - 
Diesmal wollte ich es aggressiv versuchen...}  
9.hxg3 Bf6 10.Bh3 {Au weia ist das ein Spielen.}  
Bxh3 11.Rxh3 cxd5 12.c3 dxe4+ {Jetzt sieht es für 
mich sehr gut aus...!}  13.Kxe4 {Du untertreibst!} 
 Qe7+ 14.Kd3 Qd7+ 15.Kc2 Qxh3 16.Qe1+ {Deine mail 
ist angek.; ich kann mich gerade vor Zügen nicht 
retten!}  Ne7 {Ich habe schon einige Gegner die 
gar nicht mehr ziehen...}  17.d3 Nbc6 {-}  18.Bg5 
Bxg5 19.Nxg5 Qd7 20.Rd1 O-O 21.Qe4 f5 22.Rh1 
fxe4 0-1

[Event "HCL-C320"]
[Site "www.playchess.de"]
[Date "2001.04.22"]
[Round "27"]
[White "olaf"]
[Black "thalis"]
[WhiteElo "1251"]
[BlackElo "1101"]
[PlyCount "55"]
[Result "1-0"]

1.e4 {Spielst gern gegen leichte Gegner ?}  e5 {Du 
spielst doch gut! Das Blatt kann sich sehr schnell 
wenden hier! :-))}  2.Nf3 Nc6 3.Nc3 Nf6 {Die 
Eröffnung hatte ich noch nie! mal sehen ...}  
4.Bb5 Bb4 5.Bxc6 dxc6 6.Nxe5 Bxc3 7.bxc3 Nxe4 
8.Qe2 Bf5 9.g4 Qf6 {Fein gespielt!}  10.gxf5 Qxf5 
11.Nxc6 bxc6 12.f3 O-O 13.fxe4 Qg6 14.Rb1 Rfe8 
15.d3 Re6 16.Rf1 Rae8 17.Rf5 Qg1+ 18.Kd2 g6 19.Rf4 
f5 20.Rb7 Qg5 21.Kd1 Qg1+ 22.Rf1 Qc5 23.Qf3 Qxc3 
24.Qf2 fxe4 25.Qf7+ Kh8 26.Rxc7 R6e7 27.Rxe7 Rxe7 
28.Qf8+ 1-0

[Event "HCL-E060"]
[Site "www.playchess.de"]
[Date "2001.04.22"]
[Round "4"]
[White "Qaurial"]
[Black "Zynaps"]
[WhiteElo "1675"]
[BlackElo "2159"]
[PlyCount "36"]
[Result "0-1"]

1.e4 c6 2.d4 d5 3.e5 Bf5 4.g4 Be4 5.f3 Bg6 6.Ne2 
e6 7.h4 h6 8.Nf4 Ne7 9.c4 Bxb1 10.Rxb1 Qa5+ 11.b4 
Qb6 12.c5 Qc7 13.b5 cxb5 14.Bxb5+ Nec6 15.O-O Be7 
16.h5 a6 17.Bd3 Nxd4 18.Bxa6 Nxa6 0-1

[Event "ACL-A167"]
[Site "www.playchess.de"]
[Date "2001.04.22"]
[Round "19"]
[White "mepms"]
[Black "jalal"]
[WhiteElo "2139"]
[BlackElo "1545"]
[PlyCount "37"]
[Result "1/2-1/2"]

1.e4 e6 2.d4 d5 3.Nd2 Nf6 4.e5 Nfd7 5.Bd3 c5 6.c3 
Nc6 7.Ne2 c4 8.Bc2 a6 9.Ng3 b5 10.f4 Nb6 11.Nf3 
Be7 12.h4 Qc7 13.Bd2 a5 14.a3 a4 15.Qe2 Bd7 16.Be3 
O-O-O 17.Ng5 Bxg5 18.hxg5 g6 19.Qf2 1/2-1/2

[Event "HCL-E060"]
[Site "www.playchess.de"]
[Date "2001.04.22"]
[Round "7"]
[White "jimmyaaa"]
[Black "Qaurial"]
[WhiteElo "2103"]
[BlackElo "1675"]
[PlyCount "51"]
[Result "1-0"]

1.e4 c5 2.Nf3 Nc6 3.d4 cxd4 4.Nxd4 Nf6 5.Nc3 e5 
6.Ndb5 d6 7.Bg5 a6 8.Na3 b5 9.Bxf6 gxf6 10.Nd5 f5 
11.c3 fxe4 12.Bxb5 axb5 13.Nxb5 Qg5 14.Nbc7+ Kd8 
15.Nxa8 Qxg2 16.Rf1 Ba6 17.Ne3 Qxh2 18.Qb3 Bxf1 
19.Qb6+ Kd7 20.Qb7+ Ke6 21.Qc8+ Kf6 22.Qf5+ Ke7 
23.Nd5+ Kd8 24.Nab6 Qh3 25.Qf6+ Ne7 
26.Qxd6+ 1-0

[Event "HCL-C321"]
[Site "www.playchess.de"]
[Date "2001.04.22"]
[Round "22"]
[White "craigsadler"]
[Black "Tim"]
[WhiteElo "918"]
[BlackElo "642"]
[PlyCount "23"]
[Result "1-0"]

1.e4 e5 2.Nf3 f6 3.Nxe5 fxe5 4.Qh5+ g6 5.Qxe5+ Ne7 
6.Qxh8 h5 7.Qd4 Nbc6 8.Qf6 d6 9.Bb5 Bd7 10.d3 a6 
11.Bc4 b5 12.Qf7+ 1-0